Modeling and Analysis of Warranty Claims Data : (Record no. 80326)
[ view plain ]
| 000 -LEADER | |
|---|---|
| fixed length control field | 00887nam a2200241 a 4500 |
| 001 - CONTROL NUMBER | |
| RUCL Control Number | 80326 |
| 003 - CONTROL NUMBER IDENTIFIER | |
| rucl marc code | BD-RjUL |
| 005 - DATE AND TIME OF LATEST TRANSACTION | |
| control field | 20220911095716.0 |
| 008 - FIXED-LENGTH DATA ELEMENTS--GENERAL INFORMATION | |
| fixed length control field | 220911s2011 bg a|||| m||| 00| 0 eng d |
| 035 ## - SYSTEM CONTROL NUMBER | |
| system control number | (BD-RjUL)80326 |
| 040 ## - CATALOGING SOURCE | |
| Original cataloging agency | BD-RjUL |
| Language of cataloging | eng |
| Transcribing agency | BD-RjUL |
| Modifying agency | BD-RjUL |
| 041 ## - LANGUAGE CODE | |
| Language code of Book | eng |
| 082 ## - DEWEY DECIMAL CLASSIFICATION NUMBER | |
| DDC Edition number | 23 |
| Classification number | 658.8120727 |
| Author mark and Year | AZM 2011 |
| 100 ## - MAIN ENTRY--PERSONAL NAME | |
| Personal name | Aziz, Tahsina |
| 9 (RLIN) | 4709 |
| 245 10 - TITLE STATEMENT | |
| Name of Supervisor/Co-Supervisor | Supervision : Md. Rezaul Karim |
| Title | Modeling and Analysis of Warranty Claims Data : |
| Statement of responsibility, etc | Tahsina Aziz |
| 260 ## - PUBLICATION, DISTRIBUTION, ETC. (IMPRINT) | |
| Place of publication, distribution, etc | Rajshahi : |
| Name of publisher, distributor, etc | Department of Statistics, University of Rajshahi, |
| Date of publication, distribution, etc | 2011 |
| 300 ## - PHYSICAL DESCRIPTION | |
| Pagination | [1],157 leaves : |
| Other physical details | ill.; |
| Dimensions | 29 cm. |
| 502 ## - DISSERTATION NOTE | |
| Dissertation note | Thesis (M. Phil.) -- Department of Statistics, University of Rajshahi,2011 |
| 504 ## - BIBLIOGRAPHY, ETC. NOTE | |
| Bibliography, etc | Bibliography : Leaves 143-157 |
| 650 ## - SUBJECT ADDED ENTRY--TOPICAL TERM | |
| Topical term or geographic name as entry element | Warranty Claims |
| General subdivision | Systems Analysis |
| Form subdivision | Customer Relations |
| 9 (RLIN) | 4710 |
| 700 ## - ADDED ENTRY--SUPERVISOR/CO-SUPERVISOR NAME | |
| Personal name | Karim, Md. Rezaul, Supervision |
| 9 (RLIN) | 4711 |
| 942 ## - ADDED ENTRY ELEMENTS (KOHA) | |
| Source of classification or shelving scheme | Dewey Decimal Classification |
| Koha item type | Theses |
| Source of classification or shelving scheme | Damaged status | Not for loan | Collection code | Permanent Location | Current Location | Shelving location | Date of accession | Source of acquisition | Total Checkouts | Full call number | Barcode | Date last seen | Copy number | Thesis |
|---|---|---|---|---|---|---|---|---|---|---|---|---|---|---|
| Dewey Decimal Classification | Not For Loan | Theses | Central Library, University of Rajshahi | Central Library, University of Rajshahi | Documentation Section | 11/11/2012 | Controller of Exam. R.U. | THE 658.8120727 AZM 2011 | D3362 | 11/09/2022 | C-1 | Theses |